000 01564cam a2200253 4500
001 ##L134507
008 060811n2006 000 0 eng u
035 _a(Sirsi) u134507
041 0 _aeng
050 0 4 _a711.1 $2 18
110 1 _aUnited Kingdom
_bDepartment for Communities and Local Government
_94939
245 0 0 _aDraft government circular
_bTown and Country Planning (Control of Advertisements) Regulations 2006
_bconsultation
260 _aLondon
_bDCLG
_c2006
520 _aImprovements to the control of outdoor advertisements were announced in June 2000 following the public response to the proposals in the consultation paper "Outdoor advertisement control". Consults on the proposed changes incorporated into the draft Control of Advertisement Regulations. Responses are required no later than 18 September 2006.
590 _aIKA220806
650 2 4 _aTOWN AND COUNTRY PLANNING (CONTROL OF ADVERTISEMENTS) (ENGLAND) REGULATIONS 2006
650 2 4 _aTOWN AND COUNTRY PLANNING (CONTROL OF ADVERTISEMENTS) (ENGLAND) REGULATIONS 1992
650 2 4 _aTOWN AND COUNTRY PLANNING (CONTROL OF ADVERTISEMENTS) (AMENDMENT) REGULATIONS 1994
650 2 4 _aTOWN AND COUNTRY PLANNING (CONTROL OF ADVERTISEMENTS) (AMENDMENT) REGULATIONS 1999
651 4 _aEngland
_y886-
690 _aENVIRONMENTAL AND LAND CONSULTANCY-PLANNING AND DEVELOPMENT-DEVELOPMENT CONTROL-PLANNING ENFORCEMENT
856 4 0 _uhttps://www.communities.gov.uk/documents/planningandbuilding/pdf/152357.pdf
_zView the draft Circular free of charge at www.communities.gov.uk...
942 _n0
999 _c105705
_d105705